000 00246nam a2200097Ia 4500
001 1121058
005 20250827004636.0
008 250824s9999 xx 000 0 und d
245 0 _a HOCA NÜFUZU
_cAHMET REFİK ALTINAY
260 _bPANAMA YAYINLARI
999 _c1121058
_d1121058